000 00481nam a2200193Ia 4500
005 20240823042133.0
008 240823s9999||||xx |||||||||||||| ||und||
020 _a81-219-2305-0
041 _aENGLISH
082 _A621.3822 P3
100 _aEugene Xavier S P
245 0 _aDigital Signal Processing
250 _a1st
260 _c2003
_bS chand New D
_aNew Delhi
500 _aTRANSFERED
650 _aSignal Processing
_bInstrumentation
942 _cBK
999 _c207157
_d207157